000 00469nam a2200145 a 4500
001 000036605
005 20200930075826.0
008 110404s1999 dr 000 0 spa d
040 _aDO-SdBNP
_bspa
_cBNPHU
082 _axxxx
_bxxxx
100 1 _aKokoszko de Detyniecki, Anna
_962887
245 1 0 _aArte en la Casona :
_brestaurar una colección /
_cAnna Kokoszko de Detyniecki;.
260 _aCaracas :
_bFundación Polar,
_c1999.
300 _a92 p. :
_bil., retrs. ;
_c29 cm.
999 _c36096
_d36096